Größte Städte in Rheinland-Pfalz 2022 - Statistiken

Allgemein
  • Dieses Quiz wurde 212 mal gespielt
  • Das Durchschnittsergebnis liegt bei 13 aus 20
Antwortstatistiken
Einwohner Stadt % Korrekt
217.556 Mainz
100%
113.638 Koblenz
97%
99..292 Kaiserslautern
95%
110.570 Trier
95%
172.145 Ludwigshafen am Rhein
92%
50.565 Speyer
77%
83.850 Worms
76%
53.491 Neustadt an der Weinstraße
66%
40.054 Pirmasens
65%
51.695 Bad Kreuznach
62%
46.919 Landau in der Pfalz
62%
65.137 Neuwied
58%
34.091 Zweibrücken
58%
25.757 Bingen am Rhein
55%
48.773 Frankenthal (Pfalz)
49%
35.486 Ingelheim am Rhein
43%
30.126 Andernach
42%
28.423 Idar-Oberstein
41%
20.716 Germersheim
39%
26.550 Bad Neuenahr-Ahrweiler
35%
Keine übereinstimmenden Quizze gefunden
Verteilung der Resultate
Anzahl Personen mit jedem Resultat
Perzentil nach korrekt beantworteten Fragen
Ihre Resultats-Entwicklung
Sie haben dieses Quiz noch nicht gespielt